Health economics and financing / (Registro nro. 12483)

Detalles MARC
000 -LEADER
fixed length control field 01866cam a2200325 a 4500
001 - CONTROL NUMBER
control field 17388921
003 - CONTROL NUMBER IDENTIFIER
control field OSt
005 - DATE AND TIME OF LATEST TRANSACTION
control field 20210916113528.0
008 - FIXED-LENGTH DATA ELEMENTS--GENERAL INFORMATION
fixed length control field 120713s2013 njua b 001 0 eng
010 ## - LIBRARY OF CONGRESS CONTROL NUMBER
LC control number 2012028595
020 ## - INTERNATIONAL STANDARD BOOK NUMBER
International Standard Book Number 9781118184905
035 ## - SYSTEM CONTROL NUMBER
System control number (DNLM)101588239
040 ## - CATALOGING SOURCE
Original cataloging agency DNLM/DLC
Transcribing agency DLC
Language of cataloging CO-JMCR
041 0# - LANGUAGE CODE
Language code of text/sound track or separate title spa
082 04 - DEWEY DECIMAL CLASSIFICATION NUMBER
Classification number 338.433621 /
Item number G394h
Edition number 23
100 1# - MAIN ENTRY--PERSONAL NAME
Personal name Getzen, Thomas E.
Relator term autor
9 (RLIN) 40530
245 10 - TITLE STATEMENT
Title Health economics and financing /
Statement of responsibility, etc. Thomas E. Getzen.
250 ## - EDITION STATEMENT
Edition statement Fifth edition
260 ## - PUBLICATION, DISTRIBUTION, ETC.
Place of publication, distribution, etc. Hoboken :
Name of publisher, distributor, etc. John Wiley & Sons,
Date of publication, distribution, etc. c2013.
300 ## - PHYSICAL DESCRIPTION
Extent xxvii, 468 pages :
Other physical details illustrations and graphics in black and white ;
Dimensions 27 cm.
504 ## - BIBLIOGRAPHY, ETC. NOTE
Bibliography, etc. note Includes bibliographical references and index.
505 0# - FORMATTED CONTENTS NOTE
Formatted contents note Choices: Money, Medicine, and Health. -- Demand and Supply . -- Cost-Benefit and Cost-Effectiveness Analysis. -- Health Insurance: Financing Medical Care. -- Insurance Contracts and Managed Care. -- Physicians. -- Medical Education, Organization, and Business Practices. -- Hospitals. -- Management and Regulation of Hospital Costs. -- Long-Term Care. -- Pharmaceuticals. -- Financing and Ownership of Health Care Providers. -- Macroeconomics of Medical Care. -- The Role of Government and Public Goods. -- History, Demography, and the Growth of Modern Medicine. -- International Comparisons of Health and Health. -- Expenditures. -- Economic Evaluation of Health Policy: The Patient Protection and Affordable Care Act of 2010. -- Value for Money in the Future of Health Care.
650 14 - SUBJECT ADDED ENTRY--TOPICAL TERM
Topical term or geographic name entry element Medical economics.
9 (RLIN) 40531
650 24 - SUBJECT ADDED ENTRY--TOPICAL TERM
Topical term or geographic name entry element Medical care, Cost of.
9 (RLIN) 40532
650 24 - SUBJECT ADDED ENTRY--TOPICAL TERM
Topical term or geographic name entry element Flow of funds.
9 (RLIN) 40533
650 12 - SUBJECT ADDED ENTRY--TOPICAL TERM
Topical term or geographic name entry element Economics, Medical
Geographic subdivision United States.
9 (RLIN) 40534
650 22 - SUBJECT ADDED ENTRY--TOPICAL TERM
Topical term or geographic name entry element Delivery of Health Care
General subdivision economics
Geographic subdivision United States.
9 (RLIN) 40535
650 22 - SUBJECT ADDED ENTRY--TOPICAL TERM
Topical term or geographic name entry element Health Care Reform
General subdivision economics
Geographic subdivision United States.
9 (RLIN) 40536
942 ## - ADDED ENTRY ELEMENTS (KOHA)
Source of classification or shelving scheme Dewey Decimal Classification
Koha item type Books
Existencias
Withdrawn status Lost status Source of classification or shelving scheme Damaged status Not for loan Home library Current library Shelving location Date acquired Source of acquisition Full call number Barcode Date last seen Copy number Price effective from Koha item type
    Dewey Decimal Classification     Biblioteca Pública José María del Castillo y Rada Biblioteca Pública José María del Castillo y Rada General Stacks 04/15/2018 Donación 338.433621 / G394h 430000388 05/16/2024 Ej.1 03/10/2021 Books